00690 2200181 4500245003900000020001800039250001100057100002000068700001900088650001600107005001900123260003000142041001400172084000800186300002700194500027800221336000900499 aPulau HantucSetyawan BarriehText a979-780-254-X aCet. 1 aSetyawan Barrie aGita Romadhona aNovel Horor a20231011132314 aJakartabGagasMediac2008 aIndonesia a813 aiv, 152 hlm. :c19 cm. adante dan nero berhasil selamat dari teror dipulau madara. namun, benarkah mereka benar-benar selamat? saat dante berusaha memikirkan jalan keluar dari pulau terkutuk itu, datang serombongan anak muda. Mereka akan meadakan rave party untuk perayaan pernikahan teman mereka. atext